Eastern Utah Libraries Catalog: Duchesne, Heber, Roosevelt, & Vernal

Hanging up (Record no. 278876)

MARC details
000 -LEADER
fixed length control field 03377cgm a2200733Ia 4500
001 - CONTROL NUMBER
control field ocm44523699
003 - CONTROL NUMBER IDENTIFIER
control field OCoLC
005 - DATE AND TIME OF LATEST TRANSACTION
control field 20200320190408.0
007 - PHYSICAL DESCRIPTION FIXED FIELD--GENERAL INFORMATION
fixed length control field vd cgaizq
008 - FIXED-LENGTH DATA ELEMENTS--GENERAL INFORMATION
fixed length control field 000703s2000 cau095 e vleng d
020 ## - INTERNATIONAL STANDARD BOOK NUMBER
International Standard Book Number 076784744X
020 ## - INTERNATIONAL STANDARD BOOK NUMBER
International Standard Book Number 9780767847445
020 ## - INTERNATIONAL STANDARD BOOK NUMBER
Terms of availability 15.95
024 10 - OTHER STANDARD IDENTIFIER
Standard number or code 043396047488
028 40 - PUBLISHER NUMBER
Publisher number 04748
Source Columbia TriStar Home Video
035 ## - SYSTEM CONTROL NUMBER
System control number (OCoLC)44523699
040 ## - CATALOGING SOURCE
Original cataloging agency JBL
Language of cataloging eng
Transcribing agency JBL
Modifying agency LEO
-- BTCTA
-- ABG
-- SINLB
-- UMC
-- VUE
-- OCLCA
-- OCLCQ
-- OCLCA
-- OCLCQ
-- VVX
-- OCLCQ
-- UAH
-- OCLCO
-- WACOL
043 ## - GEOGRAPHIC AREA CODE
Geographic area code n-us-ca
049 ## - LOCAL HOLDINGS (OCLC)
Holding library WACL
050 #4 - LIBRARY OF CONGRESS CALL NUMBER
Classification number PN1997
Item number .H344 2000
082 04 - DEWEY DECIMAL CLASSIFICATION NUMBER
Classification number 791.4372
Edition number 22
092 ## - LOCALLY ASSIGNED DEWEY CALL NUMBER (OCLC)
Classification number DVD
Item number Han
245 00 - TITLE STATEMENT
Title Hanging up
Medium [videorecording] /
Statement of responsibility, etc Columbia Pictures presents ; a Nora Ephron and Laurence Mark production ; screenplay by Delia Ephron & Nora Ephron ; directed by Diane Keaton.
250 ## - EDITION STATEMENT
Edition statement Widescreen format (1.85:1); standard format (4:3).
260 ## - PUBLICATION, DISTRIBUTION, ETC. (IMPRINT)
Place of publication, distribution, etc Culver City, Calif. :
Name of publisher, distributor, etc Columbia TriStar Home Video,
Date of publication, distribution, etc c2000.
300 ## - PHYSICAL DESCRIPTION
Extent 1 videodisc (95 min.) :
Other physical details sd., col. ;
Dimensions 4 3/4 in.
511 1# - PARTICIPANT OR PERFORMER NOTE
Participant or performer note Meg Ryan, Diane Keaton, Lisa Kudrow, Walter Matthau.
538 ## - SYSTEM DETAILS NOTE
System details note DVD, region 1; Dolby digital 5.1, Dolby digital stereo surround.
546 ## - LANGUAGE NOTE
Language note In English, with optional English subtitles in yellow.
546 ## - LANGUAGE NOTE
Language note Closed-captioned.
508 ## - CREATION/PRODUCTION CREDITS NOTE
Creation/production credits note Director of photography, Howard Atherton ; film editor, Julie Monroe ; music by David Hirschfelder.
500 ## - GENERAL NOTE
General note Based on the book : Hanging up / by Delia Ephron.
500 ## - GENERAL NOTE
General note Title from film slate.
500 ## - GENERAL NOTE
General note Special features include: optional isolated music score, "HBO first look: getting connected--the making of Hanging up" featurette (12 min.); deleted sequence (10 min.); gag reel (6 min.); "Talent files" cast and crew biographies; "Hanging up" theatrical trailer (3 min.); "Sleepless in Seattle" theatrical trailer (3 min.).
520 ## - SUMMARY, ETC.
Summary, etc Three sisters struggle to deal with each other and their aging father.
521 8# - TARGET AUDIENCE NOTE
Target audience note Rated PG-13.
600 10 - SUBJECT ADDED ENTRY--PERSONAL NAME
Personal name Ephron, Delia
Form subdivision Film adaptations.
9 (RLIN) 5873844
650 #0 - SUBJECT ADDED ENTRY--TOPICAL TERM
Topical term or geographic name as entry element Young women
Geographic subdivision California
-- Los Angeles
Form subdivision Drama.
9 (RLIN) 5873845
650 #0 - SUBJECT ADDED ENTRY--TOPICAL TERM
Topical term or geographic name as entry element Sisters
Geographic subdivision California
-- Los Angeles
Form subdivision Drama.
9 (RLIN) 5873846
650 #0 - SUBJECT ADDED ENTRY--TOPICAL TERM
Topical term or geographic name as entry element Fathers and daughters
Geographic subdivision California
-- Los Angeles
Form subdivision Drama.
9 (RLIN) 5873847
650 #0 - SUBJECT ADDED ENTRY--TOPICAL TERM
Topical term or geographic name as entry element Video recordings for the hearing impaired.
9 (RLIN) 5873848
650 00 - SUBJECT ADDED ENTRY--TOPICAL TERM
Topical term or geographic name as entry element Video recordings for the hearing impaired.
Source of heading or term lcsh
9 (RLIN) 5873848
650 00 - SUBJECT ADDED ENTRY--TOPICAL TERM
Topical term or geographic name as entry element Feature films.
Source of heading or term gsafd
9 (RLIN) 5873849
655 #7 - INDEX TERM--GENRE/FORM
Genre/form data or focus term Feature films.
Source of term gsafd
9 (RLIN) 5873850
655 #7 - INDEX TERM--GENRE/FORM
Genre/form data or focus term Comedy films.
Source of term lcgft
9 (RLIN) 102658
655 #7 - INDEX TERM--GENRE/FORM
Genre/form data or focus term Fiction films.
Source of term lcgft
9 (RLIN) 5674705
655 #7 - INDEX TERM--GENRE/FORM
Genre/form data or focus term Feature films.
Source of term lcgft
9 (RLIN) 5873850
655 #7 - INDEX TERM--GENRE/FORM
Genre/form data or focus term Video recordings for the hearing impaired.
Source of term lcgft
9 (RLIN) 5873851
700 1# - ADDED ENTRY--PERSONAL NAME
Personal name Ephron, Nora.
9 (RLIN) 5873852
700 1# - ADDED ENTRY--PERSONAL NAME
Personal name Mark, Laurence.
9 (RLIN) 75863
700 1# - ADDED ENTRY--PERSONAL NAME
Personal name Ephron, Delia.
9 (RLIN) 5078
700 1# - ADDED ENTRY--PERSONAL NAME
Personal name Keaton, Diane.
9 (RLIN) 5873853
700 1# - ADDED ENTRY--PERSONAL NAME
Personal name Ryan, Meg.
9 (RLIN) 35830
700 1# - ADDED ENTRY--PERSONAL NAME
Personal name Kudrow, Lisa.
9 (RLIN) 65800
700 1# - ADDED ENTRY--PERSONAL NAME
Personal name Matthau, Walter.
9 (RLIN) 21079
700 1# - ADDED ENTRY--PERSONAL NAME
Personal name Ephron, Delia.
Title of a work Hanging up.
9 (RLIN) 5873854
710 2# - ADDED ENTRY--CORPORATE NAME
Corporate name or jurisdiction name as entry element Columbia Pictures.
9 (RLIN) 23896
710 2# - ADDED ENTRY--CORPORATE NAME
Corporate name or jurisdiction name as entry element Columbia TriStar Home Video (Firm)
9 (RLIN) 60971
938 ## -
-- Baker and Taylor
-- BTCP
-- be2002006758
942 ## - ADDED ENTRY ELEMENTS (KOHA)
Koha item type DVD
948 ## - LOCAL PROCESSING INFORMATION (OCLC); SERIES PART DESIGNATOR (RLIN)
Series part designator, SPT (RLIN) 09/26/2012
z (OCLC) Sirsi
994 ## -
-- 02
-- WACOL
996 ## -
-- 93282
-- 34301001616632
-- DVD
-- DVD
-- wcl
-- i
-- 46
-- 15.95
-- micro
-- Han
-- 09/26/2012
-- 02/24/2020
-- 02/15/2020
Holdings
Withdrawn status Lost status Source of classification or shelving scheme Damaged status Not for loan Collection code Home library Current library Shelving location Date acquired Source of acquisition Cost, normal purchase price Total Checkouts Total Renewals Full call number Barcode Checked out Date last seen Date checked out Cost, replacement price Price effective from Koha item type
  Long Overdue (Lost) Dewey Decimal Classification     Movies Wasatch County Library Wasatch County Library Audio Visual Area 09/26/2012   15.95 54 7 DVD Han 34301001616632 09/19/2023 08/31/2023 08/31/2023 15.95 03/20/2020 DVD
This project was made possible through a grant from the Institute of Museum and Library Service administered by the Utah State Library Division.

Wasatch County Library

  • 465 East 1200 South, Heber City, Utah 84032
  • Phone 435-654-1511 | Fax 435-654-6456

Hours

  • Monday - Friday 9:30 AM - 8:00 PM
  • Saturday 9:30 AM - 1:30 PM
  • Closed Sundays and Holidays